MARC

LEADER 00000nam0a2200000 4500
001 298391
005 20231102001111.0
020 |a RU  |b 84-69022 
035 |a (RuTPU)RU\TPU\book\323534 
090 |a 298391 
100 |a 20150618d1984 m y0rusy5003 ca 
101 0 |a rus 
102 |a RU 
105 |a a z 000zy 
200 1 |a Обслуживание бумагоделательных машин  |f В. А. Ершов, А. В. Ершов, В. Е. Гурьянов 
205 |a 3-е изд., перераб. 
210 |a Москва  |c Лесная промышленность  |d 1984 
215 |a 161 с.  |c ил. 
225 1 |a Библиотечка бумажника 
606 1 |a Бумагоделательные машины  |x Уход и обслуживание  |2 stltpush  |3 (RuTPU)RU\TPU\subj\30211  |9 53347 
610 1 |a бумажное производство 
610 1 |a оборудование 
610 1 |a эксплуатация 
610 1 |a прессование 
610 1 |a сушка 
610 1 |a каландрование 
610 1 |a намотка 
610 1 |a резка 
675 |a 676.05  |z rus  |v 4 
701 1 |a Ершов  |b В. А.  |g Виктор Александрович 
701 1 |a Ершов  |b А. В.  |g Александр Варфоломеевич 
701 1 |a Гурьянов  |b В. Е.  |g Владимир Евсеевич 
801 0 |a RU  |b RuMRKP  |c 19950704  |g psbo 
801 1 |a RU  |b 63413507  |c 20150618 
801 2 |a RU  |b 63413507  |c 20170727  |g RCR 
942 |c BK